الكرنك / al-Karnak
محفوظ في:
المؤلف الرئيسي:
التنسيق: كتاب
اللغة: Undetermined
منشور في:
Cairo
Nahḍat Miṣr
2003
سلاسل:
Maktabah al-firʻawnīyah, 9
الموضوعات:
الوسوم: إضافة وسم
لا توجد وسوم, كن أول من يضع وسما على هذه التسجيلة!
رقم الطلب: E41 KARN
| LEADER | 00578nam a2200193Ia 4500 | ||
|---|---|---|---|
| 008 | 240404s9999||||xx |||||||||||||| ||und|| | ||
| 020 | |a 9789771424338 | ||
| 050 | 4 | |a E41 KARN | |
| 100 | 1 | |a Jamāl al-Dīn. Sālim,. | |
| 245 | 1 | 0 | |a الكرنك / al-Karnak |c Jamāl al-Dīn. Sālim, |
| 264 | 1 | |a Cairo |b Nahḍat Miṣr |c 2003 | |
| 300 | |a 32 |c 16 | ||
| 490 | 0 | |a Maktabah al-firʻawnīyah, 9 | |
| 650 | 4 | |a Egypt Karnak | |
| 650 | 4 | |a Egypt | |
| 650 | 4 | |a Egypt Antiquities Juvenile literature | |
| 650 | 4 | |a Égypte Antiquités Ouvrages pour la jeunesse | |
| 942 | |2 lcc |c BK | ||
| 999 | |c 58002 |d 58002 | ||
